[Event "Arco op 45th"]
[Site "Arco"]
[Date "2023.10.15"]
[Round "9"]
[White "Haase, Georg"]
[Black "Coqueraut, Lodewyk"]
[Result "1-0"]
[WhiteElo "1772"]
[BlackElo "1438"]
[PlyCount "85"]
[EventDate "2023.10.07"]
[EventType "swiss"]
[EventRounds "9"]
[EventCountry "ITA"]
[SourceTitle "Mega2024 Update 01"]
[Source "Chessbase"]
[SourceDate "2023.11.12"]
[SourceVersion "1"]
[SourceVersionDate "2023.11.12"]
[SourceQuality "1"]

1. e4 e5 2. Nf3 Nc6 3. Bb5 d6 4. c3 a6 5. Ba4 Nf6 6. d3 Be7 7. Nbd2 b5 8. Bc2 Bg4 9. h3 Bd7 10. Nf1 Nb8 11. Ng3 Qc8 12. Be3 c5 13. b4 cxb4 14. cxb4 Nc6 15. a3 0-0 16. Rc1 Qb7 17. 0-0 d5 18. Bb3 dxe4 19. dxe4 Rad8 20. Qc2 a5 21. Bc5 Bxc5 22. Qxc5 Rfe8 23. Rfd1 Rc8 24. Ng5 Be6 25. Nxe6 fxe6 26. Qd6 Qe7 27. Nf5 Qf7 28. Qd3 Rcd8 29. Nd6 Rxd6 30. Qxd6 Nd4 31. Rc7 Qh5 32. Rxd4 exd4 33. Bxe6+ Kh8 34. f3 Qg5 35. Bf7 Nxe4 36. fxe4 Rd8 37. Rd7 Rc8 38. Kh2 h6 39. Be6 Re8 40. Bf5 axb4 41. axb4 d3 42. Qxd3 g6 43. Qd4+ 1-0

[Event "Arco op 45th"]
[Site "Arco"]
[Date "2023.10.14"]
[Round "8"]
[White "Stanescu, Christian"]
[Black "Haase, Georg"]
[Result "1-0"]
[WhiteElo "2056"]
[BlackElo "1772"]
[PlyCount "93"]
[EventDate "2023.10.07"]
[EventType "swiss"]
[EventRounds "9"]
[EventCountry "ITA"]
[SourceTitle "Mega2024 Update 01"]
[Source "Chessbase"]
[SourceDate "2023.11.12"]
[SourceVersion "1"]
[SourceVersionDate "2023.11.12"]
[SourceQuality "1"]

1. Nf3 Nf6 2. c4 e6 3. g3 c6 4. Bg2 d5 5. b3 Be7 6. 0-0 0-0 7. Bb2 Nbd7 8. d3 a5 9. Nbd2 a4 10. e4 axb3 11. axb3 Rxa1 12. Bxa1 Ne8 13. Qc2 Bf6 14. e5 Be7 15. d4 g6 16. Bb2 Ng7 17. Ra1 h5 18. c5 Nb8 19. Bf1 Nf5 20. h3 Kg7 21. Bd3 Na6 22. Bc3 Rh8 23. Kg2 g5 24. Rh1 Qg8 25. Nf1 Kf8 26. Qd2 g4 27. hxg4 hxg4 28. N3h2 Qh7 29. Be2 Qg6 30. Nxg4 Rxh1 31. Kxh1 f6 32. Qf4 Qg5 33. exf6 Bxf6 34. Nxf6 Qxf6 35. g4 Qh6+ 36. Qxh6+ Nxh6 37. Bd2 Kg7 38. f3 Nf7 39. f4 Nc7 40. Bc3 Nh6 41. Kg2 Nb5 42. Bb2 Nc7 43. Kg3 Ne8 44. Kh4 Nf6 45. Ng3 e5 46. dxe5 Nfxg4 47. e6+ 1-0

[Event "Arco op 45th"]
[Site "Arco"]
[Date "2023.10.07"]
[Round "1"]
[White "Haase, Georg"]
[Black "Willsch, Matthias"]
[Result "0-1"]
[WhiteElo "1772"]
[BlackElo "2110"]
[PlyCount "100"]
[EventDate "2023.10.07"]
[EventType "swiss"]
[EventRounds "9"]
[EventCountry "ITA"]
[SourceTitle "Mega2024 Update 01"]
[Source "Chessbase"]
[SourceDate "2023.11.12"]
[SourceVersion "1"]
[SourceVersionDate "2023.11.12"]
[SourceQuality "1"]

1. e4 e6 2. d4 d5 3. e5 c5 4. c3 Nc6 5. Nf3 Qb6 6. Na3 cxd4 7. cxd4 Bb4+ 8. Bd2 a6 9. Be2 Nge7 10. 0-0 Bxa3 11. bxa3 Nxd4 12. Qa4+ Nec6 13. Nxd4 Qxd4 14. Qxd4 Nxd4 15. Bd3 Nc6 16. f4 0-0 17. Rab1 f6 18. Rfe1 fxe5 19. fxe5 Rb8 20. Rb6 Ra8 21. Bc2 Rf7 22. Ba4 Nd4 23. Bd1 Rc7 24. Bb4 Rc6 25. Rf1 g6 26. Ba5 Rxb6 27. Bxb6 Nc6 28. Bc7 Bd7 29. Bg4 Rf8 30. Rb1 Rf4 31. h3 b5 32. Rc1 Nd4 33. Bd6 h5 34. Bd1 Nc6 35. g4 h4 36. g5 Rc4 37. Rb1 Rc3 38. Bg4 Re3 39. Kf2 Re4 40. Bf3 Rf4 41. Kg2 Nd4 42. Bg4 Nc2 43. Rb3 d4 44. Kg1 Ne3 45. Be2 Bc6 46. a4 Bd5 47. Rb2 Bc4 48. Bxc4 bxc4 49. Rf2 Nd5 50. Rb2 c3 0-1

[Event "Mittelrhein Verbandsliga West 1920"]
[Site "Mittelrhein"]
[Date "2019.10.27"]
[Round "2.6"]
[White "Schulten, Berthold"]
[Black "Haase, Georg"]
[Result "1/2-1/2"]
[WhiteElo "1927"]
[BlackElo "1835"]
[PlyCount "84"]
[EventDate "2019.09.29"]
[EventType "team-tourn"]
[EventRounds "9"]
[EventCountry "GER"]
[SourceTitle "EXT 2023"]
[Source "ChessBase"]
[SourceDate "2022.10.05"]
[SourceVersion "1"]
[SourceVersionDate "2022.10.05"]
[SourceQuality "1"]
[WhiteTeam "Aachen PTSV"]
[BlackTeam "Eilendorf Arminia"]
[WhiteTeamCountry "GER"]
[BlackTeamCountry "GER"]

1. c4 Nf6 2. g3 c6 3. Bg2 e6 4. Nf3 d5 5. b3 Be7 6. 0-0 0-0 7. Bb2 Nbd7 8. d3 Re8 9. Nc3 a6 10. e4 dxe4 11. Nxe4 Nxe4 12. dxe4 a5 13. Qe2 a4 14. Rfd1 axb3 15. axb3 Rxa1 16. Bxa1 Qc7 17. e5 Rd8 18. Bc3 Nc5 19. b4 Rxd1+ 20. Qxd1 Qd7 21. Qxd7 Nxd7 22. Nd2 c5 23. b5 f6 24. exf6 gxf6 25. Be4 f5 26. Bc2 Bf6 27. Bxf6 Nxf6 28. f4 Nd7 29. Nf3 Kg7 30. Ne5 Kf6 31. Nxd7+ Bxd7 32. Kf2 b6 33. Bd1 Be8 34. Be2 Bf7 35. Ke3 e5 36. fxe5+ Kxe5 37. Bd3 Bh5 38. Bf1 h6 39. Bd3 Bg4 40. Bf1 Bh5 41. Bd3 Bf7 42. Be2 Be6 1/2-1/2

[Event "Sao Martinho do Porto op 1st"]
[Site "Sao Martinho do Porto"]
[Date "2018.09.21"]
[Round "9"]
[White "Oliveira, Fernando Alves"]
[Black "Haase, Georg"]
[Result "0-1"]
[WhiteElo "1586"]
[BlackElo "1946"]
[PlyCount "134"]
[EventDate "2018.09.15"]
[EventType "swiss"]
[EventRounds "9"]
[EventCountry "POR"]
[SourceTitle "CBM 186 Extra"]
[Source "ChessBase"]
[SourceDate "2018.08.24"]
[SourceVersion "1"]
[SourceVersionDate "2018.08.24"]
[SourceQuality "1"]

1. d4 Nf6 2. Bf4 g6 3. Nf3 Bg7 4. e3 0-0 5. h3 b6 6. Be2 Bb7 7. 0-0 d6 8. Nbd2 Nbd7 9. Bh2 a5 10. a4 c5 11. c3 Ne4 12. Qc2 Nxd2 13. Qxd2 Nf6 14. Qd1 Ba6 15. Bxa6 Rxa6 16. Qd3 Ra8 17. d5 Nd7 18. e4 Rc8 19. Qc4 f6 20. Ne1 f5 21. Nd3 fxe4 22. Qxe4 Nf6 23. Qe6+ Rf7 24. c4 Qd7 25. Qe2 Qf5 26. Rfe1 g5 27. g4 Qd7 28. f4 h6 29. Bg3 Rcf8 30. fxg5 hxg5 31. Qd2 Nh7 32. Re6 Bd4+ 33. Kg2 Rf6 34. Rae1 Rxe6 35. Rxe6 Rf6 36. Re2 e5 37. dxe6 Rxe6 38. b3 Qe7 39. Rxe6 Qxe6 40. Qe1 Kf7 41. Qf1+ Nf6 42. Qf3 Qe4 43. Bxd6 Qe6 44. Bg3 Ke7 45. Qb7+ Nd7 46. Qf3 Nf6 47. Bf2 Qd6 48. Bxd4 Qxd4 49. Nf2 Qb2 50. Qb7+ Nd7 51. Qe4+ Kd6 52. Qd5+ Kc7 53. Qf3 Ne5 54. Qg3 Kb7 55. Qe3 Ka6 56. Kg3 Nc6 57. Qe8 Qxb3+ 58. Kg2 Na7 59. Qe2 Qxa4 60. Ne4 Qc6 61. Kg1 Qg6 62. Nc3 Qd6 63. Qe3 Qd4 64. Kf2 b5 65. Kf3 Qxc4 66. Qd2 Nc6 67. Nd5 Nd4+ 0-1

[Event "Sao Martinho do Porto op 1st"]
[Site "Sao Martinho do Porto"]
[Date "2018.09.17"]
[Round "5"]
[White "Haase, Georg"]
[Black "Schleime, Franz Josef"]
[Result "1/2-1/2"]
[WhiteElo "1946"]
[BlackElo "1696"]
[PlyCount "56"]
[EventDate "2018.09.15"]
[EventType "swiss"]
[EventRounds "9"]
[EventCountry "POR"]
[SourceTitle "CBM 186 Extra"]
[Source "ChessBase"]
[SourceDate "2018.08.24"]
[SourceVersion "1"]
[SourceVersionDate "2018.08.24"]
[SourceQuality "1"]

1. e4 c5 2. c3 b6 3. d4 Bb7 4. f3 e6 5. Ne2 Be7 6. Nd2 Nf6 7. Nf4 Qc7 8. e5 Nd5 9. Nd3 Ne3 10. Qa4 Bc6 11. Qb3 cxd4 12. c4 a5 13. a4 Na6 14. Nb1 Nxf1 15. Kxf1 Nc5 16. Nxc5 Bxc5 17. f4 Qb7 18. Qg3 g6 19. b3 Rd8 20. Ra2 d6 21. Na3 dxe5 22. fxe5 d3 23. Nb5 Bxb5 24. axb5 Qe4 25. Qf3 Qxe5 26. Bf4 Qd4 27. Bg5 Be7 28. Be3 Qd6 1/2-1/2

[Event "Sao Martinho do Porto op 1st"]
[Site "Sao Martinho do Porto"]
[Date "2018.09.16"]
[Round "3"]
[White "Haase, Georg"]
[Black "Selkirk, Rebecca"]
[Result "1/2-1/2"]
[WhiteElo "1946"]
[BlackElo "1733"]
[PlyCount "50"]
[EventDate "2018.09.15"]
[EventType "swiss"]
[EventRounds "9"]
[EventCountry "POR"]
[SourceTitle "CBM 186 Extra"]
[Source "ChessBase"]
[SourceDate "2018.08.24"]
[SourceVersion "1"]
[SourceVersionDate "2018.08.24"]
[SourceQuality "1"]

1. e4 c6 2. d4 d5 3. exd5 cxd5 4. c4 Nf6 5. Nc3 e6 6. Nf3 Nc6 7. Be2 dxc4 8. Bxc4 a6 9. 0-0 Be7 10. h3 b5 11. Bb3 Bb7 12. d5 exd5 13. Nxd5 Nxd5 14. Bxd5 0-0 15. Re1 Bf6 16. a4 b4 17. Rb1 h6 18. Be3 a5 19. Qb3 Qd7 20. Bc4 Rac8 21. Rbd1 Qc7 22. Rc1 Ne5 23. Bd5 Bxd5 24. Qxd5 Nxf3+ 25. Qxf3 Qd7 1/2-1/2

[Event "Mittelrhein Verbandsliga-W 16/17"]
[Site "Nordrheinwestfalen"]
[Date "2016.11.27"]
[Round "4.3"]
[White "Haase, Georg"]
[Black "Haertel, Stephan"]
[Result "0-1"]
[WhiteElo "1818"]
[BlackElo "1884"]
[PlyCount "80"]
[EventDate "2016.09.11"]
[EventType "team-tourn"]
[EventRounds "11"]
[EventCountry "GER"]
[SourceTitle "EXT 2022"]
[Source "ChessBase"]
[SourceDate "2021.10.06"]
[SourceVersion "1"]
[SourceVersionDate "2021.10.06"]
[SourceQuality "1"]
[WhiteTeam "Eilendorf Arminia"]
[BlackTeam "Bergheim"]
[WhiteTeamCountry "GER"]
[BlackTeamCountry "GER"]

1. e4 c5 2. c3 d5 3. exd5 Qxd5 4. d4 Nf6 5. Nf3 e6 6. Be2 Nc6 7. 0-0 cxd4 8. cxd4 Be7 9. Nc3 Qd6 10. Nb5 Qd8 11. Bf4 Nd5 12. Bg3 a6 13. Nc3 Bf6 14. Ne4 Be7 15. a3 0-0 16. Rc1 f5 17. Nc5 f4 18. Bd3 fxg3 19. hxg3 Bxc5 20. Rxc5 Qf6 21. Be4 Rd8 22. Qd3 g6 23. Rd1 Nce7 24. Ne5 Bd7 25. Qb3 Bc6 26. Rd3 Rac8 27. Rf3 Nf5 28. Qd1 Qg7 29. g4 Nd6 30. Bb1 Ne7 31. Nxc6 Rxc6 32. Ba2 Nd5 33. Rxd5 exd5 34. Bxd5+ Kh8 35. Bxc6 bxc6 36. Qa4 Nb5 37. Qxa6 Nxd4 38. Re3 Qc7 39. Qc4 Qf4 40. Re7 Nf3+ 0-1

[Event "Mittelrhein Verbandsliga-W 15/16"]
[Site "Nordrheinwestfalen"]
[Date "2016.01.31"]
[Round "7.4"]
[White "Haase, Georg"]
[Black "Blagojevic, Lubo"]
[Result "0-1"]
[WhiteElo "1812"]
[BlackElo "2053"]
[PlyCount "110"]
[EventDate "2015.09.06"]
[EventType "team-tourn"]
[EventRounds "11"]
[EventCountry "GER"]
[SourceTitle "EXT 2022"]
[Source "ChessBase"]
[SourceDate "2021.10.06"]
[SourceVersion "1"]
[SourceVersionDate "2021.10.06"]
[SourceQuality "1"]
[WhiteTeam "Eilendorf Arminia"]
[BlackTeam "Wuerselen II"]
[WhiteTeamCountry "GER"]
[BlackTeamCountry "GER"]

1. e4 e5 2. Nf3 d6 3. Bc4 Nf6 4. d3 Be7 5. a4 0-0 6. 0-0 Bg4 7. Nbd2 c5 8. h3 Bh5 9. Qe2 Nc6 10. c3 Qd7 11. Rd1 h6 12. Nf1 Na5 13. Ba2 Kh8 14. Ng3 Bg6 15. Bd2 b6 16. Nh4 Nh7 17. Nhf5 Bf6 18. Bd5 Rad8 19. h4 Nc6 20. Bxc6 Qxc6 21. c4 Rg8 22. Qf3 Qd7 23. b4 Rb8 24. b5 Qd8 25. Qg4 Nf8 26. a5 Ne6 27. axb6 axb6 28. Ra7 Ra8 29. Rda1 Rxa7 30. Rxa7 Qb8 31. Ra6 Nc7 32. Ra3 Qd8 33. Ra7 Qb8 34. Ra3 Ne6 35. Ra6 Nc7 36. Ra3 Qc8 37. h5 Bxf5 38. Nxf5 Qd8 39. Ra7 Rf8 40. g3 Ne6 41. Be3 Bg5 42. Kg2 Bxe3 43. Nxe3 Qc8 44. Nf5 Qd8 45. Re7 Ng5 46. Ra7 Ne6 47. f4 exf4 48. gxf4 Qf6 49. Ra2 g6 50. hxg6 fxg6 51. Nxh6 Nxf4+ 52. Kh2 Nxd3 53. Rg2 Ne5 54. Qh3 Qf4+ 55. Kh1 Qf1+ 0-1

[Event "Mittelrhein Verbandsliga-W 15/16"]
[Site "Nordrheinwestfalen"]
[Date "2015.10.18"]
[Round "3.4"]
[White "Schauff, Lutz"]
[Black "Haase, Georg"]
[Result "1-0"]
[WhiteElo "2001"]
[BlackElo "1835"]
[PlyCount "57"]
[EventDate "2015.09.06"]
[EventType "team-tourn"]
[EventRounds "11"]
[EventCountry "GER"]
[SourceTitle "EXT 2022"]
[Source "ChessBase"]
[SourceDate "2021.10.06"]
[SourceVersion "1"]
[SourceVersionDate "2021.10.06"]
[SourceQuality "1"]
[WhiteTeam "Kerpen SK"]
[BlackTeam "Eilendorf Arminia"]
[WhiteTeamCountry "GER"]
[BlackTeamCountry "GER"]

1. d4 Nf6 2. Nf3 e6 3. Bf4 d5 4. e3 Bd6 5. Ne5 0-0 6. Bd3 c5 7. c3 cxd4 8. exd4 Nc6 9. 0-0 Qc7 10. Re1 Ne7 11. Nd2 Ng6 12. Bg3 Bxe5 13. dxe5 Nd7 14. Qe2 Nc5 15. Bc2 a5 16. Nb3 Nxb3 17. axb3 Bd7 18. h4 Rfc8 19. h5 Nf8 20. Qg4 b5 21. Bh4 Kh8 22. Re3 b4 23. Rae1 bxc3 24. Rg3 Ng6 25. hxg6 fxg6 26. bxc3 Qb6 27. Be7 d4 28. Bxg6 Rxc3 29. Qf4 1-0

[Event "Arber op Seniors 3rd"]
[Site "Bayerisch Eisenstein"]
[Date "2015.08.08"]
[Round "8"]
[White "Mentink, Toon"]
[Black "Haase, Georg"]
[Result "1/2-1/2"]
[WhiteElo "1852"]
[BlackElo "1860"]
[PlyCount "134"]
[EventDate "2015.08.01"]
[EventType "swiss"]
[EventRounds "9"]
[EventCountry "GER"]
[SourceTitle "EXT 2016"]
[Source "ChessBase"]
[SourceDate "2015.10.08"]
[SourceVersion "1"]
[SourceVersionDate "2015.10.08"]
[SourceQuality "1"]

1. Nf3 Nf6 2. g3 c6 3. c4 e6 4. Bg2 d5 5. b3 Be7 6. 0-0 0-0 7. Bb2 Nbd7 8. d4 Ne4 9. Nbd2 f5 10. Qc2 Ndf6 11. e3 Bd7 12. Ne5 Be8 13. f4 Nd7 14. Nxd7 Bxd7 15. Rac1 Rc8 16. Nf3 g5 17. fxg5 Nxg5 18. Ne5 Nf7 19. Nd3 Bg5 20. Qe2 Be8 21. cxd5 exd5 22. Rxf5 Bd7 23. Rf2 Qe7 24. Re1 Rce8 25. Ne5 Nxe5 26. Rxf8+ Rxf8 27. dxe5 Be6 28. Qd3 Bh6 29. e4 Rd8 30. exd5 Bxd5 31. Bxd5+ Rxd5 32. Qf3 Qc5+ 33. Kg2 Rd2+ 34. Re2 Qd5 35. Qxd5+ cxd5 36. Rxd2 Bxd2 37. Bd4 a6 38. Kf3 Kf7 39. h3 Ke6 40. g4 Bh6 41. h4 Bd2 42. Bb2 Be1 43. h5 Bd2 44. Bd4 Bh6 45. Ke2 Bf4 46. Kd3 h6 47. a4 Bxe5 48. Be3 Bg7 49. g5 hxg5 50. Bxg5 Kf5 51. h6 Be5 52. Be3 Kg6 53. Bd4 Bg3 54. Bg7 Bf2 55. Ke2 Bc5 56. Kf3 Bd6 57. Kg4 Be7 58. Bd4 Kxh6 59. Kf5 Kh7 60. Ke6 Bb4 61. Be5 b5 62. axb5 axb5 63. Kxd5 Kg6 64. Kc6 Ba5 65. Kxb5 Bd2 66. Ka4 Kf7 67. Kb5 Ke6 1/2-1/2

[Event "Mittelrhein Verbandsliga-W 1112"]
[Site "Germany"]
[Date "2012.04.15"]
[Round "9.4"]
[White "Effertz, Josef"]
[Black "Haase, Georg"]
[Result "1/2-1/2"]
[WhiteElo "1947"]
[BlackElo "1862"]
[PlyCount "55"]
[EventDate "2011.09.18"]
[EventType "team-tourn"]
[EventRounds "11"]
[EventCountry "GER"]
[SourceTitle "EXT 2013"]
[Source "ChessBase"]
[SourceDate "2012.11.22"]
[SourceVersion "1"]
[SourceVersionDate "2012.11.22"]
[SourceQuality "1"]
[WhiteTeam "Brauweiler Rochade"]
[BlackTeam "Arminia Eilendorf"]
[WhiteTeamCountry "GER"]
[BlackTeamCountry "GER"]

1. e4 d5 2. exd5 Nf6 3. Bb5+ Bd7 4. Be2 Nxd5 5. d4 g6 6. Nf3 Bg7 7. 0-0 0-0 8. Ne5 Nc6 9. Bf3 Nxe5 10. Bxd5 Nc6 11. c3 e6 12. Bf3 Rb8 13. Qe2 Re8 14. Be3 Ne7 15. Nd2 Bc6 16. Ne4 Bxe4 17. Bxe4 Nd5 18. Rad1 c6 19. Bc2 Qc7 20. Qf3 Rbd8 21. Bg5 Rd7 22. Bh4 Qf4 23. Qxf4 Nxf4 24. Rfe1 Nd5 25. Bg3 Nb6 26. Bb3 a5 27. a4 Nd5 28. Be5 1/2-1/2

[Event "Mittelrhein Verbandsliga-W 1112"]
[Site "Germany"]
[Date "2012.02.26"]
[Round "7.5"]
[White "Fournell, Udo"]
[Black "Haase, Georg"]
[Result "1/2-1/2"]
[WhiteElo "1912"]
[BlackElo "1862"]
[PlyCount "56"]
[EventDate "2011.09.18"]
[EventType "team-tourn"]
[EventRounds "11"]
[EventCountry "GER"]
[SourceTitle "EXT 2013"]
[Source "ChessBase"]
[SourceDate "2012.11.22"]
[SourceVersion "1"]
[SourceVersionDate "2012.11.22"]
[SourceQuality "1"]
[WhiteTeam "Aachen PTSV"]
[BlackTeam "Arminia Eilendorf"]
[WhiteTeamCountry "GER"]
[BlackTeamCountry "GER"]

1. e4 d5 2. exd5 Nf6 3. d4 Nxd5 4. c4 Nb6 5. c5 Nd5 6. Nc3 c6 7. Bc4 Be6 8. Qb3 b5 9. Bxd5 Bxd5 10. Nxd5 Qxd5 11. Qxd5 cxd5 12. Nf3 Nc6 13. 0-0 g6 14. Bf4 Bg7 15. Rad1 f6 16. Rfe1 Kf7 17. Bg3 Rhe8 18. Nh4 Rac8 19. f4 f5 20. Nf3 h6 21. Bf2 e6 22. Re2 Bf6 23. Bh4 Bg7 24. h3 a5 25. Bf2 Bf6 26. Bh4 Bg7 27. Bf2 Bf6 28. Bh4 Bg7 1/2-1/2

[Event "Mittelrhein Verbandsliga-W 1112"]
[Site "Germany"]
[Date "2012.02.05"]
[Round "6.4"]
[White "Dick, Matthias"]
[Black "Haase, Georg"]
[Result "1-0"]
[WhiteElo "2003"]
[BlackElo "1862"]
[PlyCount "135"]
[EventDate "2011.09.18"]
[EventType "team-tourn"]
[EventRounds "11"]
[EventCountry "GER"]
[SourceTitle "EXT 2013"]
[Source "ChessBase"]
[SourceDate "2012.11.22"]
[SourceVersion "1"]
[SourceVersionDate "2012.11.22"]
[SourceQuality "1"]
[WhiteTeam "Pulheim"]
[BlackTeam "Arminia Eilendorf"]
[WhiteTeamCountry "GER"]
[BlackTeamCountry "GER"]

1. d4 Nf6 2. Nf3 e6 3. c4 b6 4. g3 Bb7 5. Bg2 Be7 6. 0-0 0-0 7. Nc3 d6 8. Qc2 Nbd7 9. b3 Re8 10. Bb2 a6 11. Rad1 Qc8 12. Rfe1 Nf8 13. e4 N6d7 14. e5 dxe5 15. Nxe5 Bxg2 16. Kxg2 Nxe5 17. dxe5 Qb7+ 18. Kg1 Rad8 19. Re2 Rxd1+ 20. Qxd1 Rd8 21. Rd2 Rxd2 22. Qxd2 Qf3 23. Qe2 Qxe2 24. Nxe2 h5 25. Nd4 Nd7 26. Nc6 Kf8 27. Kg2 Ke8 28. f4 g6 29. Kf3 Bc5 30. h3 a5 31. Bd4 Ba3 32. Na7 Bc1 33. Nb5 Kd8 34. Ke2 c5 35. Kd1 Bxf4 36. gxf4 cxd4 37. Nxd4 g5 38. fxg5 Nxe5 39. Ke2 Kd7 40. Ke3 Ng6 41. Ke4 Kd6 42. Nf3 Ke7 43. Ne5 Nh4 44. c5 bxc5 45. Nc6+ Kd7 46. Nxa5 Nf5 47. Nb7 Nd6+ 48. Nxd6 Kxd6 49. a4 h4 50. a5 Kc6 51. Ke5 Kb5 52. Kf6 e5 53. Kxe5 Kxa5 54. Kf6 Kb4 55. Kxf7 Kxb3 56. g6 c4 57. g7 c3 58. g8Q c2 59. Kf6+ Kb2 60. Qb8+ Ka2 61. Qa7+ Kb1 62. Qb6+ Ka1 63. Qc5 Kb1 64. Kg5 c1Q+ 65. Qxc1+ Kxc1 66. Kxh4 Kd2 67. Kg5 Ke3 68. h4 1-0

[Event "Mittelrhein Verbandsliga-W 1112"]
[Site "Germany"]
[Date "2011.10.09"]
[Round "2.5"]
[White "Haase, Georg"]
[Black "Horbach, Fabian"]
[Result "1-0"]
[WhiteElo "1862"]
[BlackElo "1801"]
[PlyCount "55"]
[EventDate "2011.09.18"]
[EventType "team-tourn"]
[EventRounds "11"]
[EventCountry "GER"]
[SourceTitle "EXT 2013"]
[Source "ChessBase"]
[SourceDate "2012.11.22"]
[SourceVersion "1"]
[SourceVersionDate "2012.11.22"]
[SourceQuality "1"]
[WhiteTeam "Arminia Eilendorf"]
[BlackTeam "Herzogenrath"]
[WhiteTeamCountry "GER"]
[BlackTeamCountry "GER"]

1. e4 c5 2. c3 b6 3. d4 Bb7 4. d5 Nf6 5. f3 e6 6. c4 exd5 7. cxd5 g6 8. Bg5 h6 9. Bh4 g5 10. Bg3 d6 11. Bb5+ Nbd7 12. Nc3 a6 13. Bc6 Qc7 14. Bxb7 Qxb7 15. Nge2 Nh5 16. 0-0 0-0-0 17. Qc2 Re8 18. b4 f5 19. bxc5 dxc5 20. Rab1 f4 21. Bf2 Bd6 22. Na4 Qc7 23. Rfc1 Kd8 24. Qd2 Qa7 25. Nxb6 Nxb6 26. Qa5 Bc7 27. Qxc5 Nf6 28. d6 1-0

[Event "Mittelrhein Verbandsliga-W 1112"]
[Site "Germany"]
[Date "2011.09.18"]
[Round "1.5"]
[White "Samraoui, Mehdi"]
[Black "Haase, Georg"]
[Result "1/2-1/2"]
[WhiteElo "2011"]
[BlackElo "1862"]
[PlyCount "103"]
[EventDate "2011.09.18"]
[EventType "team-tourn"]
[EventRounds "11"]
[EventCountry "GER"]
[SourceTitle "EXT 2013"]
[Source "ChessBase"]
[SourceDate "2012.11.22"]
[SourceVersion "1"]
[SourceVersionDate "2012.11.22"]
[SourceQuality "1"]
[WhiteTeam "Aachen Aufwaerts II"]
[BlackTeam "Arminia Eilendorf"]
[WhiteTeamCountry "GER"]
[BlackTeamCountry "GER"]

1. Nf3 Nf6 2. d4 e6 3. e3 b6 4. Bd3 Bb7 5. Nbd2 Be7 6. 0-0 d5 7. b3 0-0 8. Ne5 c5 9. Bb2 cxd4 10. exd4 Nbd7 11. Re1 Re8 12. Re3 Nf8 13. Ndf3 Ne4 14. Bb5 f6 15. Bxe8 Qxe8 16. Nd3 Nd6 17. Nf4 Nf5 18. Re2 Bd6 19. Qd2 g5 20. Nd3 Qh5 21. h3 g4 22. hxg4 Qxg4 23. a4 Ng6 24. Qd1 Ba6 25. Rxe6 Nfh4 26. Nxh4 Qxe6 27. Nxg6 hxg6 28. Qf3 Re8 29. Nf4 Bxf4 30. Qxf4 Kg7 31. Bc3 Qe4 32. Qc7+ Re7 33. Qd6 Re6 34. Qd8 Re8 35. Qd7+ Re7 36. Qd6 Qe6 37. Qg3 Qc6 38. Bb4 Re4 39. c3 Bc8 40. a5 b5 41. a6 Qe6 42. Qc7+ Qd7 43. Qxd7+ Bxd7 44. Bc5 Re6 45. Bxa7 Bc8 46. Bc5 Rxa6 47. Rxa6 Bxa6 48. g4 Bc8 49. f3 f5 50. gxf5 Bxf5 51. Kf2 Bc2 52. b4 1/2-1/2